000 00497nam a2200181Ia 4500
001 24369
005 20260414151038.0
008 260414t2021||||xx |||||||||||||| ||spa||
041 _aESP
082 _a345.7
_bA74
100 _aArmenta Deu, Teresa,
_eAUT
245 0 _aDerivas de la justicia :
_butela de los derechos y solución de controversias en tiempos de cambios
260 _c2021
300 _a347 páginas :
_c24 cm.
650 _aDER
654 _aCDE
942 _cLIB
_dJUS
_fJUS
_2ddc
_n
999 _c24369
_d24369